00408nam a2200145 a 4500008004100000020001500041050001300056100002100069245006800090260003800158300001600196350001300212650002700225650001000252080918s1988 ||||||||||||||||| || u a0702122092 aP 90 Fou aFourie, Pieter J10aAspects of film and television communication.cPieter J. Fourie aCape TownbJuta and Companyc1988 aviii, 112p. a22500.00 aMASS MEDIA--PHILOSOPHY aMEDIA